[Event "CHN Team Men 2016"]
[Site "Wuxi CHN"]
[Date "2016.07.29"]
[Round "2.2"]
[Board "4"]
[White "Yu, Ruiyuan"]
[Black "Qu, Yanqiao"]
[Result "1-0"]
[WhiteTitle "GM"]
[WhiteElo "2501"]
[BlackElo "2186"]
[WhiteTeam "Jiangsu Lvyang"]
[BlackTeam "Heilongjiang Qipai"]
[WhiteFideId "8603090"]
[BlackFideId "8603944"]
[EventDate "2016.07.28"]

1. e4 e5 2. Nf3 Nc6 3. d4 exd4 4. Nxd4 Bc5 5. Nb3 Bb6 6. Nc3 d6 7. Qe2 Nge7 8.
Be3 O-O 9. O-O-O Be6 10. h4 Ne5 11. h5 h6 12. Qe1 Bxe3+ 13. Qxe3 N7c6 14. f4 Nc4
15. Qf3 Qc8 16. Be2 Nb6 17. g4 f6 18. Rhg1 a5 19. a4 Qe8 20. Qe3 Qf7 21. g5 fxg5
22. fxg5 hxg5 23. Rxg5 Bxb3 24. cxb3 Ne5 25. Rdg1 Rae8 26. Nb5 Re7 27. Nd4 Qf4
28. Qxf4 Rxf4 29. Nf5 1-0

[Event "CHN Team Men 2016"]
[Site "Wuxi CHN"]
[Date "2016.07.29"]
[Round "2.3"]
[Board "2"]
[White "Wang, Rui"]
[Black "Lou, Yiping"]
[Result "1/2-1/2"]
[WhiteTitle "GM"]
[BlackTitle "IM"]
[WhiteElo "2386"]
[BlackElo "2448"]
[WhiteTeam "Hebei Ticai"]
[BlackTeam "Shanghai"]
[WhiteFideId "8601003"]
[BlackFideId "8603928"]
[EventDate "2016.07.28"]

1. e4 e6 2. d4 d5 3. exd5 exd5 4. Bd3 Bd6 5. Nf3 Nf6 6. O-O O-O 7. Bg5 Bg4 8.
Nbd2 Nbd7 9. c3 c6 10. Qc2 Qc7 11. Bh4 Bh5 12. Bg3 Bg6 13. Rfe1 Rae8 14. Nh4
Bxg3 15. hxg3 Bxd3 16. Qxd3 g6 17. Nhf3 Kg7 18. Qc2 Qb8 19. Kf1 Rxe1+ 20. Rxe1
Re8 21. Rxe8 Nxe8 22. Qd3 Nd6 23. Qe3 Nf5 24. Qf4 Qxf4 25. gxf4 f6 26. Ke2 h5
27. Nf1 Nb6 28. Ne1 Nc4 29. Nd3 Kf7 30. Nd2 Nxd2 31. Kxd2 1/2-1/2

[Event "CHN Team Men 2016"]
[Site "Wuxi CHN"]
[Date "2016.07.29"]
[Round "2.3"]
[Board "3"]
[White "Xu, Yi"]
[Black "Zhang, Ziji"]
[Result "1/2-1/2"]
[WhiteTitle "FM"]
[WhiteElo "2396"]
[BlackElo "2313"]
[WhiteTeam "Shanghai"]
[BlackTeam "Hebei Ticai"]
[WhiteFideId "8605564"]
[BlackFideId "8609470"]
[EventDate "2016.07.28"]

1. e4 c5 2. Nf3 d6 3. Bb5+ Bd7 4. Bxd7+ Qxd7 5. c4 g6 6. d4 cxd4 7. Nxd4 Bg7 8.
Nc3 Nf6 9. f3 O-O 10. Be3 Nc6 11. O-O Rac8 12. b3 Rfd8 13. Rc1 e6 14. Re1 Qe7
15. Qd2 a6 16. Bg5 Nxd4 17. Qxd4 h6 18. Bxf6 Bxf6 19. Qe3 Bg7 20. a4 Qc7 21.
Red1 Qa5 22. Ne2 b5 23. cxb5 Rxc1 24. Qxc1 Qb6+ 25. Kf1 axb5 26. axb5 Qxb5 27.
Qc7 Rd7 28. Qc4 Qb6 29. b4 g5 30. g3 Bf6 31. b5 Rc7 32. Qd3 Rc5 33. Qxd6 Qxb5
34. Qd3 Qa4 35. Qd7 Qa8 36. Qd3 Ra5 37. Rc1 Kg7 38. Qd7 Ra7 39. Qc8 Qxc8 40.
Rxc8 Ra3 41. Kf2 1/2-1/2

[Event "CHN Team Men 2016"]
[Site "Wuxi CHN"]
[Date "2016.07.29"]
[Round "2.4"]
[Board "2"]
[White "Li, Di"]
[Black "Yu, Yangyi"]
[Result "0-1"]
[WhiteTitle "FM"]
[BlackTitle "GM"]
[WhiteElo "2426"]
[BlackElo "2734"]
[WhiteTeam "Chengdu"]
[BlackTeam "Beijing Beiao"]
[WhiteFideId "8607508"]
[BlackFideId "8603820"]
[EventDate "2016.07.28"]

1. d4 d5 2. c4 e6 3. Nc3 Nf6 4. Nf3 Bb4 5. Qa4+ Nc6 6. e3 O-O 7. Bd2 Re8 8. Rd1
a6 9. a3 Bd6 10. Bc1 dxc4 11. Bxc4 h6 12. e4 Bd7 13. Qc2 e5 14. dxe5 Nxe5 15.
Nxe5 Bxe5 16. O-O b5 17. Ba2 c5 18. Bd5 Rc8 19. h3 Qa5 20. Ne2 b4 21. Be3 bxa3
22. Ra1 Nxd5 23. exd5 Qa4 24. Qxa4 Bxa4 25. Rxa3 Bb5 26. Nc3 Bxf1 27. Kxf1 Rb8
28. Rxa6 Rxb2 29. Na4 Rc2 30. d6 Rd8 31. Bxc5 Rd2 32. g4 Bxd6 33. Bb6 Rd7 34.
Ra8+ Kh7 35. Nc5 Re7 36. Rd8 Rd1+ 37. Kg2 h5 38. Nd7 Ree1 39. Nf8+ Bxf8 40. Rxf8
Rg1+ 41. Kf3 Rd6 42. Bd8 Rd3+ 43. Ke2 Rxh3 44. g5 Ra3 45. Rxf7 Kg6 46. Rf8 h4
47. Rh8 Ra8 0-1

[Event "CHN Team Men 2016"]
[Site "Wuxi CHN"]
[Date "2016.07.29"]
[Round "2.4"]
[Board "3"]
[White "Xiu, Deshun"]
[Black "Liu, Guanchu"]
[Result "1/2-1/2"]
[WhiteTitle "GM"]
[BlackTitle "IM"]
[WhiteElo "2557"]
[BlackElo "2366"]
[WhiteTeam "Beijing Beiao"]
[BlackTeam "Chengdu"]
[WhiteFideId "8603693"]
[BlackFideId "8603901"]
[EventDate "2016.07.28"]

1. d4 f5 2. Nc3 Nf6 3. Bg5 d5 4. e3 e6 5. Nf3 Be7 6. Bd3 O-O 7. O-O h6 8. Bf4 c5
9. dxc5 Bxc5 10. Nb5 Nc6 11. Nbd4 Qb6 12. Nb3 Be7 13. a4 a5 14. Bb5 Rd8 15. Qe2
Bd7 16. Rfc1 Be8 17. c4 dxc4 18. Nbd2 Rac8 19. Nxc4 Qc7 20. Nce5 Nd5 21. Bg3
Nxe5 22. Bxe5 Bxb5 23. axb5 Bf6 24. e4 fxe4 25. Qxe4 Qb6 26. Re1 Bxe5 27. Qxe5
Rc2 28. Qxe6+ Qxe6 29. Rxe6 Rxb2 30. Rxa5 Nc7 31. Re1 Rxb5 1/2-1/2

[Event "CHN Team Men 2016"]
[Site "Wuxi CHN"]
[Date "2016.07.29"]
[Round "2.4"]
[Board "4"]
[White "Zhao, Yuanhe"]
[Black "An, Yanlong"]
[Result "1-0"]
[WhiteElo "2328"]
[BlackElo "2251"]
[WhiteTeam "Chengdu"]
[BlackTeam "Beijing Beiao"]
[WhiteFideId "8609497"]
[BlackFideId "8615675"]
[EventDate "2016.07.28"]

1. d4 c5 2. d5 e5 3. e4 d6 4. Nc3 g6 5. g3 Bg7 6. Bg2 Ne7 7. Nge2 Nd7 8. O-O O-O
9. Nb5 Nb6 10. a4 a6 11. Nbc3 Rb8 12. Qd3 Qc7 13. Bg5 f6 14. Be3 Nd7 15. a5 b5
16. axb6 Rxb6 17. b3 f5 18. Ra4 Nf6 19. Qc4 Bd7 20. Rxa6 Rb4 21. Qd3 Nxe4 22.
Rd1 Nxc3 23. Nxc3 c4 24. bxc4 e4 25. Qd2 Qxc4 26. Na2 Ra4 27. Rxd6 Bc8 28. Nc1
Bb7 29. Rd7 Bc3 30. Qe2 Qc8 31. Qb5 Rb4 32. Qc5 Rb1 33. Bh6 Nxd5 34. Qd4 1-0

[Event "CHN Team Men 2016"]
[Site "Wuxi CHN"]
[Date "2016.07.29"]
[Round "2.5"]
[Board "2"]
[White "Yu, Lie"]
[Black "Mu, Ke"]
[Result "0-1"]
[WhiteTitle "IM"]
[WhiteElo "2321"]
[BlackElo "2425"]
[WhiteTeam "Zhejiang Feiao"]
[BlackTeam "Qingdao"]
[WhiteFideId "8603715"]
[BlackFideId "8602778"]
[EventDate "2016.07.28"]

1. d4 Nf6 2. c4 e6 3. Nf3 d5 4. Nc3 c6 5. e3 Nbd7 6. Qc2 Bd6 7. Bd2 O-O 8. O-O-O
e5 9. cxd5 cxd5 10. Nb5 Bb8 11. dxe5 Nxe5 12. Bc3 Qe7 13. Nxe5 Bxe5 14. Bd3 Bd7
15. Nd4 Rac8 16. Kb1 Bxd4 17. exd4 Ne4 18. Rhe1 Rxc3 19. bxc3 Ba4 20. Qxa4 Nxc3+
21. Kc2 Qxe1 22. Rxe1 Nxa4 23. Kb3 Nb6 24. Re7 Rb8 25. Kb4 Kf8 26. Rc7 Nc8 27.
Kc5 Ne7 28. h4 h6 29. h5 Ke8 30. Bb5+ Kf8 31. Kd6 Rd8+ 32. Rd7 Rxd7+ 33. Bxd7
Ng8 34. f3 Nf6 35. Bc8 b6 36. g4 Ke8 37. Bf5 Kd8 38. Kc6 Ke7 39. a3 Kd8 40. Bd3
Kc8 41. Ba6+ Kd8 42. Bd3 Kc8 43. Bc2 Kd8 44. Kb7 Kd7 45. Kxa7 Kc7 46. Ka6 Kc6
47. Ba4+ Kc7 48. Bb5 Nh7 49. Be8 f5 50. Bf7 Kc6 51. Be8+ Kc7 52. Kb5 Ng5 53. Bc6
Nxf3 54. Bxd5 fxg4 55. Kc4 Ne1 56. Be4 g3 57. Kd5 g2 58. Bxg2 Nxg2 0-1

[Event "CHN Team Men 2016"]
[Site "Wuxi CHN"]
[Date "2016.07.29"]
[Round "2.5"]
[Board "3"]
[White "Wang, Tongsen"]
[Black "Xu, Minghui"]
[Result "1-0"]
[WhiteElo "2309"]
[BlackElo "2305"]
[WhiteTeam "Qingdao"]
[BlackTeam "Zhejiang Feiao"]
[WhiteFideId "8608067"]
[BlackFideId "8606790"]
[EventDate "2016.07.28"]

1. e4 c6 2. c4 d5 3. exd5 cxd5 4. cxd5 Nf6 5. Qa4+ Nbd7 6. Nc3 g6 7. Bc4 Bg7 8.
Nf3 O-O 9. d3 a6 10. Qa3 Nb6 11. Qb3 Nxc4 12. dxc4 b5 13. O-O bxc4 14. Qxc4 e6
15. dxe6 Bxe6 16. Qh4 Nh5 17. Bg5 Qb6 18. Rab1 Rac8 19. Qa4 Rc4 20. Qd1 Qb7 21.
Be3 Rfc8 22. Na4 Bf5 23. Nb6 Bxb1 24. Nxc4 Rxc4 25. Qd8+ Bf8 26. Rxb1 Ng7 27.
Qd3 Ra4 28. a3 Nf5 29. Bd2 Qb5 30. Qxb5 axb5 31. Rc1 Re4 32. Rc8 Nd6 33. Rc7 Bg7
34. Bb4 Ne8 35. Rc2 h6 36. Kf1 Nf6 37. Rc8+ Kh7 38. Bc3 Ne8 39. Bxg7 Kxg7 40.
Rb8 Nc7 41. Rb7 Rc4 42. Ke1 Kf6 43. Kd2 Ke6 44. Rb6+ Ke7 45. b3 Rf4 46. Rc6 Kd8
47. Ke3 Rf5 48. Nd4 Rh5 49. h3 Kd7 50. Rc2 Re5+ 51. Kd3 Re1 52. Kc3 Nd5+ 53. Kd2
Rb1 54. Rc5 Nc7 55. Nxb5 Ne6 56. Rc3 Nf4 57. Rf3 Nxg2 58. Rxf7+ Ke6 59. Rf3 1-0

[Event "CHN Team Men 2016"]
[Site "Wuxi CHN"]
[Date "2016.07.29"]
[Round "2.5"]
[Board "4"]
[White "Lan, Zilun"]
[Black "Xu, Zhihang"]
[Result "1-0"]
[WhiteElo "2250"]
[BlackElo "2206"]
[WhiteTeam "Zhejiang Feiao"]
[BlackTeam "Qingdao"]
[WhiteFideId "8604193"]
[BlackFideId "8611572"]
[EventDate "2016.07.28"]

1. d4 Nf6 2. c4 e6 3. Nf3 Bb4+ 4. Nbd2 O-O 5. g3 b6 6. Bg2 Bb7 7. O-O Bxd2 8.
Qxd2 d6 9. b3 Nbd7 10. Rd1 Qe7 11. Qc2 Rad8 12. Bb2 h6 13. Re1 c5 14. e4 cxd4
15. Nxd4 Nc5 16. Rad1 a6 17. f4 e5 18. Nf5 Qc7 19. b4 Ne6 20. Rxd6 Rxd6 21. fxe5
Rc6 22. exf6 Rxc4 23. Qd1 Rc2 24. fxg7 Rxb2 25. gxf8=Q+ Kxf8 26. Rf1 Rxb4 27.
Nxh6 Qc5+ 28. Kh1 Rd4 29. Qg4 Ke8 30. Nxf7 Kd7 31. h4 Ke7 32. Nh6 Rd2 33. Rf7+
Kd6 34. Rxb7 Qc1+ 35. Kh2 Qf1 36. e5+ Kc5 37. Qe4 Nd4 38. Qd5+ 1-0

[Event "CHN Team Men 2016"]
[Site "Wuxi CHN"]
[Date "2016.07.29"]
[Round "2.6"]
[Board "2"]
[White "Chu, Wei Chao"]
[Black "Yang, Bokai"]
[Result "1-0"]
[WhiteTitle "IM"]
[WhiteElo "2309"]
[BlackElo "1583"]
[WhiteTeam "Tianjing Chunhua"]
[BlackTeam "Shaanxi"]
[WhiteFideId "8605661"]
[BlackFideId "8616469"]
[EventDate "2016.07.28"]

1. d4 d5 2. c4 c6 3. Nf3 e6 4. g3 dxc4 5. Bg2 b5 6. Ne5 Bb7 7. O-O Bd6 8. Qc2
Qc7 9. b3 cxb3 10. Qxb3 Ne7 11. Nc3 a6 12. Ne4 Nd7 13. Nxd6+ Qxd6 14. Ba3 b4 15.
Nc4 Qc7 16. Bxb4 Nc8 17. Rfc1 c5 18. Bxb7 Qxb7 19. Bxc5 Nxc5 20. dxc5 O-O 21.
Nd6 Qc6 22. Nxc8 Rfxc8 23. Qc4 a5 24. Rd1 h6 25. Rd3 Kh7 26. Rc1 Rd8 27. Rd6 Qc7
28. Rcd1 Rdc8 29. Qc2+ Kg8 30. Rd7 Qc6 31. R1d6 Qb5 32. c6 g6 33. Rxe6 Ra6 34.
Rxg6+ Kf8 35. Rxh6 Raxc6 36. Rh8+ 1-0

[Event "CHN Team Men 2016"]
[Site "Wuxi CHN"]
[Date "2016.07.29"]
[Round "2.6"]
[Board "3"]
[White "Liu, Chuming"]
[Black "Li, Yankai"]
[Result "0-1"]
[WhiteElo "1325"]
[BlackElo "2234"]
[WhiteTeam "Shaanxi"]
[BlackTeam "Tianjing Chunhua"]
[WhiteFideId "8616477"]
[BlackFideId "8609357"]
[EventDate "2016.07.28"]

1. d4 Nf6 2. c4 e6 3. Nf3 b6 4. g3 Bb7 5. Bg2 Be7 6. O-O O-O 7. Nc3 Ne4 8. Nxe4
Bxe4 9. Ne5 Bxg2 10. Kxg2 d6 11. Nf3 Nd7 12. e4 c5 13. d5 e5 14. Ne1 a6 15. a4
b5 16. axb5 axb5 17. Rxa8 Qxa8 18. cxb5 Rb8 19. Qd3 Qa4 20. Bd2 c4 21. Qc2 Qxb5
22. Bc3 f5 23. f3 Nb6 24. Kh1 Na4 25. Ng2 fxe4 26. fxe4 Qb3 27. Qxb3 Rxb3 28.
Rc1 Bg5 29. Rc2 Nxc3 30. Rxc3 Rxb2 31. h4 Rb1+ 32. Kh2 Rc1 33. Rxc1 Bxc1 34. Ne1
Kf7 35. Nc2 Ke7 36. Kg2 Kd7 37. Kf2 Kc7 38. Ke2 Kb6 39. Kd1 Bh6 40. Nb4 g5 41.
hxg5 Bxg5 42. g4 Kc5 43. Nc6 c3 44. Kc2 Kc4 45. Na5+ Kd4 46. Nb3+ Kxe4 0-1

[Event "CHN Team Men 2016"]
[Site "Wuxi CHN"]
[Date "2016.07.29"]
[Round "2.7"]
[Board "2"]
[White "Wu, Hao"]
[Black "Zhao, Chenxi"]
[Result "0-1"]
[WhiteElo "1600"]
[BlackElo "2052"]
[WhiteTeam "Shanxi Huxiaoling"]
[BlackTeam "Shenzhen Qiyuan"]
[WhiteFideId "8616450"]
[BlackFideId "8611513"]
[EventDate "2016.07.28"]

1. e4 c5 2. c3 Nf6 3. e5 Nd5 4. d4 cxd4 5. Nf3 Nc6 6. cxd4 d6 7. exd6 Qxd6 8.
Nc3 Bg4 9. Be3 Nxe3 10. fxe3 e6 11. Bd3 Be7 12. O-O O-O 13. Qb3 h6 14. Rac1 a6
15. Ne4 Qb4 16. Qxb4 Nxb4 17. Rc7 Bd8 18. Rc3 Nd5 19. Rb3 Nxe3 20. Re1 Nf5 21.
Ne5 Nxd4 22. Rxb7 Bf5 23. Nd7 Bh4 24. Re3 Rfc8 25. h3 Rc1+ 26. Kh2 Bd8 27. Ng3
Bg5 28. Nxf5 exf5 29. Rg3 Bf4 30. Nf6+ Kh8 31. Nh5 Bxg3+ 32. Nxg3 Rd8 33. Bxa6
f4 34. Ne2 Nxe2 35. Bxe2 Re8 36. Bd3 Rd1 37. Bc2 Rd2 38. Ba4 Ree2 39. Bc6 f5 40.
b4 Re1 41. Rd7 Rxa2 42. Rd4 Rf1 43. Bb5 Rff2 44. Bc6 f3 0-1

[Event "CHN Team Men 2016"]
[Site "Wuxi CHN"]
[Date "2016.07.29"]
[Round "2.7"]
[Board "3"]
[White "Yang, Yuhang"]
[Black "Lu, Kaiyan"]
[Result "0-1"]
[WhiteElo "1834"]
[BlackElo "1511"]
[WhiteTeam "Shenzhen Qiyuan"]
[BlackTeam "Shanxi Huxiaoling"]
[WhiteFideId "8611530"]
[BlackFideId "8610495"]
[EventDate "2016.07.28"]

1. d4 Nf6 2. c4 g6 3. Nc3 Bg7 4. e4 d6 5. f3 O-O 6. Be3 Nc6 7. Qd2 a6 8. Nge2
Rb8 9. Nc1 e5 10. d5 Nd4 11. N1e2 Nxe2 12. Bxe2 Nh5 13. g4 Nf4 14. Bxf4 exf4 15.
h4 b5 16. h5 Be5 17. Bd3 Qf6 18. cxb5 axb5 19. Ne2 Bxb2 20. g5 Qg7 21. Rb1 Be5
22. Kf2 f6 23. hxg6 f5 24. Rh6 fxe4 25. Bxe4 Bf5 26. Qd3 Ra8 27. a3 b4 28. axb4
Ra2 29. Rbh1 Bd4+ 30. Kf1 Ra1+ 31. Kg2 Rxh1 32. Kxh1 Be5 33. Ng1 Bxe4 34. Qxe4
Rf5 35. Nh3 Rxg5 36. Rh4 Rf5 37. Nxf4 Bxf4 38. Rxf4 Re5 39. Qd4 Qh6+ 40. Rh4
Qc1+ 41. Kg2 Re2+ 42. Kg3 Qe1+ 43. Kh3 Qh1+ 44. Kg4 Rg2+ 0-1

[Event "CHN Team Men 2016"]
[Site "Wuxi CHN"]
[Date "2016.07.29"]
[Round "3.1"]
[Board "2"]
[White "Lou, Yiping"]
[Black "Xu, Jun"]
[Result "1-0"]
[WhiteTitle "IM"]
[BlackTitle "GM"]
[WhiteElo "2448"]
[BlackElo "2534"]
[WhiteTeam "Shanghai"]
[BlackTeam "Jiangsu Lvyang"]
[WhiteFideId "8603928"]
[BlackFideId "8600031"]
[EventDate "2016.07.28"]

1. d4 d5 2. c4 dxc4 3. Nf3 a6 4. e3 Bg4 5. Bxc4 e6 6. O-O Nc6 7. Nc3 Nf6 8. h3
Bh5 9. Be2 Bd6 10. Nh4 Bxe2 11. Qxe2 O-O 12. Rd1 Qe7 13. e4 Nd7 14. Nf3 e5 15.
Nd5 Qe8 16. dxe5 Ndxe5 17. Nh4 Ne7 18. Nxe7+ Bxe7 19. Nf5 Bf6 20. f4 Ng6 21. e5
Bd8 22. Qe4 Qb5 23. b3 Re8 24. Rd5 Qc6 25. Be3 Ne7 26. Nxe7+ Rxe7 27. Rad1 Re8
28. f5 g6 29. g4 a5 30. Qd3 Qa6 31. Rxd8 1-0

[Event "CHN Team Men 2016"]
[Site "Wuxi CHN"]
[Date "2016.07.29"]
[Round "3.1"]
[Board "3"]
[White "Lin, Chen"]
[Black "Xu, Yi"]
[Result "1/2-1/2"]
[WhiteTitle "GM"]
[BlackTitle "FM"]
[WhiteElo "2519"]
[BlackElo "2396"]
[WhiteTeam "Jiangsu Lvyang"]
[BlackTeam "Shanghai"]
[WhiteFideId "8602298"]
[BlackFideId "8605564"]
[EventDate "2016.07.28"]

1. e4 e5 2. Nf3 Nc6 3. Bb5 a6 4. Ba4 Nf6 5. O-O Be7 6. Bxc6 dxc6 7. Qe1 Nd7 8.
d4 exd4 9. Nxd4 O-O 10. Nc3 Re8 11. Bf4 Bd6 12. Bg3 Bxg3 13. hxg3 Ne5 14. Rd1
Qf6 15. Qe3 Nc4 16. Qc1 b6 17. b3 Nd6 18. f3 Nb5 19. Qe3 Nxc3 20. Qxc3 Bb7 21.
Ne2 Qxc3 22. Nxc3 Rad8 23. b4 Bc8 24. g4 g6 25. Kf2 Be6 26. Rxd8 Rxd8 27. Ke3
Ra8 28. a3 a5 29. Rd1 axb4 30. axb4 f6 31. Ne2 Kf7 32. Nd4 Bd7 33. Nb3 Be6 34.
Ra1 Rxa1 35. Nxa1 Bc4 36. c3 Ke6 37. Nc2 Kd6 38. Kd4 Bf1 39. Ne1 h6 40. c4 c5+
41. bxc5+ bxc5+ 42. Kc3 g5 43. g3 Be2 44. Kb3 Ke5 45. Kc3 Kd6 46. Kb3 1/2-1/2

[Event "CHN Team Men 2016"]
[Site "Wuxi CHN"]
[Date "2016.07.29"]
[Round "3.1"]
[Board "4"]
[White "Zhou, Junfeng"]
[Black "Yu, Ruiyuan"]
[Result "0-1"]
[BlackTitle "GM"]
[WhiteElo "2022"]
[BlackElo "2501"]
[WhiteTeam "Shanghai"]
[BlackTeam "Jiangsu Lvyang"]
[WhiteFideId "8615330"]
[BlackFideId "8603090"]
[EventDate "2016.07.28"]

1. c4 e5 2. Nc3 Bb4 3. g3 Bxc3 4. bxc3 d6 5. Bg2 f5 6. Nf3 Nf6 7. O-O O-O 8. d3
c5 9. Ne1 Nc6 10. Nc2 Qe8 11. Bg5 Nh5 12. Bd2 f4 13. e3 g5 14. exf4 exf4 15. Re1
Qg6 16. d4 g4 17. Bxf4 Nxf4 18. gxf4 Bf5 19. Ne3 cxd4 20. cxd4 Qg7 21. Nxf5 Rxf5
22. Bxc6 bxc6 23. Re4 Raf8 24. Qd2 Qf7 25. Qe2 Rxf4 26. Rxf4 Qxf4 27. Rd1 h5 28.
Qd2 Kg7 29. d5 c5 30. Qe2 Rf7 31. Re1 h4 32. Qb2+ Kg6 33. Re6+ Rf6 34. Rxf6+
Qxf6 35. Qe2 Kg5 36. Qe3+ Kh5 37. h3 gxh3 38. Qxh3 Qg5+ 39. Kh1 Qf4 40. Kg1 Kg5
41. Qd3 Qd4 42. Qe2 Kf4 43. Qe6 Qe5 44. Qh6+ Kf3 45. Qxh4 Qg7+ 46. Kf1 Qa1# 0-1

[Event "CHN Team Men 2016"]
[Site "Wuxi CHN"]
[Date "2016.07.29"]
[Round "3.2"]
[Board "2"]
[White "Xu, Yinglun"]
[Black "Yu, Yangyi"]
[Result "1/2-1/2"]
[BlackTitle "GM"]
[WhiteElo "2522"]
[BlackElo "2734"]
[WhiteTeam "Guangdong"]
[BlackTeam "Beijing Beiao"]
[WhiteFideId "8604940"]
[BlackFideId "8603820"]
[EventDate "2016.07.28"]

1. d4 Nf6 2. c4 e6 3. Nf3 d5 4. Nc3 Bb4 5. Qb3 c5 6. dxc5 Nc6 7. Bg5 Qa5 8. Bxf6
dxc4 9. Qxc4 gxf6 10. Rc1 Qxc5 11. Qh4 Ke7 12. g3 Bxc3+ 13. bxc3 b6 14. Bg2 Bb7
15. O-O h5 16. Nd4 Rhd8 17. Rcd1 Rac8 18. Rd3 Na5 19. Bxb7 Nxb7 20. Rfd1 Nd6 21.
Nb3 Qb5 22. Qf4 Rc4 23. Qd2 Ne4 24. Qe3 Rdc8 25. Nd2 Nxc3 26. Nxc4 Nxd1 27. Rxd1
Rxc4 28. Qa3+ Qc5 29. Qxa7+ Qc7 30. Qa3+ Rc5 31. Qb4 Kf8 32. Rb1 Qc6 33. f3 Kg7
34. Qxb6 Qxb6 35. Rxb6 Rc2 1/2-1/2

[Event "CHN Team Men 2016"]
[Site "Wuxi CHN"]
[Date "2016.07.29"]
[Round "3.2"]
[Board "3"]
[White "Xiu, Deshun"]
[Black "Li, Shilong"]
[Result "1-0"]
[WhiteTitle "GM"]
[BlackTitle "GM"]
[WhiteElo "2557"]
[BlackElo "2512"]
[WhiteTeam "Beijing Beiao"]
[BlackTeam "Guangdong"]
[WhiteFideId "8603693"]
[BlackFideId "8600678"]
[EventDate "2016.07.28"]

1. d4 Nf6 2. c4 g6 3. Nc3 Bg7 4. e4 d6 5. Nf3 O-O 6. h3 e5 7. d5 Nh5 8. g3 Qe7
9. Nh2 Na6 10. Be2 Nf6 11. g4 Nc5 12. Qc2 Ne8 13. Be3 f5 14. O-O-O fxe4 15. Nf1
Nd3+ 16. Bxd3 exd3 17. Qxd3 c5 18. Nd2 a6 19. Nde4 b5 20. cxb5 axb5 21. Qxb5 Qa7
22. a3 Rb8 23. Qa4 Qb7 24. Rd2 Bd7 25. Qc4 Kh8 26. Kd1 Qa8 27. Ke1 Bc8 28. Qa4
Ba6 29. h4 Bc8 30. Qxa8 Rxa8 31. Rg1 Ra6 32. Ke2 Nf6 33. f3 Bd7 1-0

[Event "CHN Team Men 2016"]
[Site "Wuxi CHN"]
[Date "2016.07.29"]
[Round "3.2"]
[Board "4"]
[White "Liu, Chang"]
[Black "An, Yanlong"]
[Result "1-0"]
[WhiteElo "2361"]
[BlackElo "2251"]
[WhiteTeam "Guangdong"]
[BlackTeam "Beijing Beiao"]
[WhiteFideId "8606340"]
[BlackFideId "8615675"]
[EventDate "2016.07.28"]

1. e4 e5 2. Nc3 Nc6 3. g3 g6 4. Bg2 Bg7 5. d3 d6 6. Nge2 Nge7 7. Bg5 h6 8. Be3
Nd4 9. O-O c5 10. Qd2 Be6 11. f4 Qd7 12. Bf2 Bh3 13. Bxd4 cxd4 14. Bxh3 Qxh3 15.
Nb5 Qd7 16. Qb4 Nc8 17. fxe5 dxe5 18. Qc5 Rb8 19. c3 b6 20. Qd5 Rb7 21. cxd4
Qxd5 22. exd5 a6 23. Rac1 Kd8 24. Rxc8+ 1-0

[Event "CHN Team Men 2016"]
[Site "Wuxi CHN"]
[Date "2016.07.29"]
[Round "3.3"]
[Board "2"]
[White "Mu, Ke"]
[Black "Wen, Yang"]
[Result "1/2-1/2"]
[BlackTitle "GM"]
[WhiteElo "2425"]
[BlackElo "2611"]
[WhiteTeam "Qingdao"]
[BlackTeam "Shandong"]
[WhiteFideId "8602778"]
[BlackFideId "8602956"]
[EventDate "2016.07.28"]

1. d4 d5 2. c4 e6 3. Nc3 Bb4 4. Nf3 dxc4 5. a4 c6 6. g3 Nf6 7. Bg2 Nbd7 8. O-O
O-O 9. Qc2 a5 10. Rd1 Qe7 11. Na2 Bd6 12. Qxc4 e5 13. Nc3 Re8 14. Qb3 exd4 15.
Nxd4 Nc5 16. Qc2 Be5 17. Nf3 Bxc3 18. bxc3 Qe4 19. Qxe4 Ncxe4 20. Bb2 Ng4 21.
Rf1 Nd6 22. Nd4 Ne5 23. Bc1 Bd7 24. Rd1 Rad8 25. Bf4 f6 26. Rab1 g5 27. Bxe5
fxe5 28. Nb3 Bf5 29. Rbc1 Nc4 30. e4 Be6 31. Nc5 Bc8 32. Bf1 Nd2 33. Bd3 Nf3+
34. Kg2 g4 35. Rb1 Kf8 36. h4 h5 37. Kf1 Re7 38. Be2 Ke8 1/2-1/2

[Event "CHN Team Men 2016"]
[Site "Wuxi CHN"]
[Date "2016.07.29"]
[Round "3.3"]
[Board "3"]
[White "Liu, Qingnan"]
[Black "Wang, Tongsen"]
[Result "0-1"]
[WhiteTitle "GM"]
[WhiteElo "2507"]
[BlackElo "2309"]
[WhiteTeam "Shandong"]
[BlackTeam "Qingdao"]
[WhiteFideId "8603294"]
[BlackFideId "8608067"]
[EventDate "2016.07.28"]

1. e4 c5 2. Nf3 d6 3. d4 Nf6 4. Nc3 cxd4 5. Nxd4 a6 6. Bc4 e6 7. Bb3 b5 8. O-O
b4 9. Na4 Bb7 10. f4 Nc6 11. Be3 Rb8 12. e5 dxe5 13. fxe5 Nxe5 14. Bf4 Ng6 15.
Bxb8 Qxb8 16. c4 Bd6 17. c5 Bxh2+ 18. Kh1 Bc7 19. c6 Bc8 20. Nc5 O-O 21. Ba4 Bb6
22. Ndb3 Qe5 23. Re1 Qg5 24. Rc1 Nf4 25. Qf3 Ng4 26. Kg1 Ne5 27. Rxe5 Qxe5 28.
Kf1 Nd5 29. Qe2 Qh2 30. Rc4 Rd8 31. Qf3 e5 32. Qf2 Qh1+ 0-1

[Event "CHN Team Men 2016"]
[Site "Wuxi CHN"]
[Date "2016.07.29"]
[Round "3.3"]
[Board "4"]
[White "Zhou, Jiangnan"]
[Black "Wu, Kaiyu"]
[Result "1/2-1/2"]
[WhiteElo "2161"]
[BlackElo "2301"]
[WhiteTeam "Qingdao"]
[BlackTeam "Shandong"]
[WhiteFideId "8609918"]
[BlackFideId "8601666"]
[EventDate "2016.07.28"]

1. Nf3 c5 2. c4 Nc6 3. g3 g6 4. d4 cxd4 5. Nxd4 Bg7 6. Nc2 d6 7. Bg2 Be6 8. Ne3
Nf6 9. O-O O-O 10. Nc3 Rc8 11. Rb1 Qd7 12. Re1 Rfd8 13. b3 Bh3 14. Bb2 Bxg2 15.
Kxg2 e6 16. Nb5 d5 17. cxd5 Nxd5 18. Nxd5 Qxd5+ 19. Qxd5 Rxd5 20. Bxg7 Kxg7 21.
Nc3 Rc5 22. Ne4 Rc2 23. Nd6 Rb8 24. a3 Nd4 25. Rbc1 Rc6 26. Rxc6 bxc6 27. b4 Nc2
28. Rc1 Nxa3 29. Rxc6 Nb5 30. Nxb5 Rxb5 1/2-1/2

[Event "CHN Team Men 2016"]
[Site "Wuxi CHN"]
[Date "2016.07.29"]
[Round "3.4"]
[Board "2"]
[White "Bao, Qilin"]
[Black "Wang, Rui"]
[Result "1/2-1/2"]
[BlackTitle "GM"]
[WhiteElo "2305"]
[BlackElo "2386"]
[WhiteTeam "Heilongjiang Qipai"]
[BlackTeam "Hebei Ticai"]
[WhiteFideId "8605750"]
[BlackFideId "8601003"]
[EventDate "2016.07.28"]

1. c4 e6 2. Nf3 Nf6 3. g3 b6 4. Bg2 Bb7 5. O-O c5 6. b3 Be7 7. Bb2 O-O 8. Nc3 d5
9. cxd5 Nxd5 10. d4 Nxc3 11. Bxc3 Nd7 12. dxc5 Nxc5 13. Rc1 Rc8 14. Ne5 Bxg2 15.
Kxg2 Bf6 16. Nc4 Qe7 17. Bxf6 Qxf6 18. Qc2 Rfd8 19. Rfd1 Rxd1 20. Rxd1 Rd8 21.
f3 h5 22. Rxd8+ Qxd8 23. b4 Nd7 24. Nd6 a6 25. Nb7 Qg5 26. Qd3 Qe7 27. a3 Nb8
28. Nd6 Qd7 29. Nc4 Qxd3 30. exd3 b5 31. Na5 Kf8 1/2-1/2